Statystyki dla Piłka nożna quiz #66 - Najwięcej występów na Mistrzostwach Świata

Kliknij tutaj aby rozwiązać quiz!

Ogólne statystyki

  • Ten quiz został rozwiązany 102 razy
  • Średni wynik to 9 z 14

Statystyki odpowiedzi

ZawodnikNarodowośćNarodowośćWystępy% Poprawnych
Lionel MessiPrawy napastnikArgentyna26
100%
Cristiano RonaldoŚrodkowy napastnikPortugalia22
97%
Miroslav KloseŚrodkowy napastnikNiemcy24
87%
Hugo LlorisBramkarzFrancja20
79%
CafuPrawy obrońcaBrazylia20
76%
Grzegorz LatoPrawy napastnikPolska20
76%
Philipp LahmPrawy obrońcaNiemcy20
73%
Diego MaradonaOfensywny pomocnikArgentyna21
66%
Paolo MaldiniLewy obrońcaWłochy23
64%
Lothar MatthäusDefensywny pomocnikNiemcy25
44%
Bastian SchweinsteigerŚrodkowy pomocnikNiemcy20
40%
Javier MascheranoDefensywny pomocnikArgentyna20
37%
Władysław ŻmudaŚrodkowy obrońcaPolska21
27%
Uwe SeelerŚrodkowy napastnikNiemcy21
3%

Rozkład punktacji

Percentyl według liczby udzielonych odpowiedzi

Procent ludzi z każdym wynikiem

Twoja historia wyników

Nie rozwiązałeś tego quizu